Manchester City Squad 23/24 - Statistics

General Stats
  • This quiz has been taken 322 times
    279 since last reset
  • The average score is 20 of 24
Answer Stats
# Nation Former Club Answer % Correct
9 Norway Dortmund Erling Haaland
99%
17 Belgium Wolfsburg Kevin de Bruyne
97%
2 England Spurs Kyle Walker
97%
10 England Aston Villa Jack Grealish
96%
3 Portugal Benfica Ruben Dias
94%
5 England Everton John Stones
93%
25 Switzerland Dortmund Manuel Akanji
93%
6 Netherlands Bournemouth Nathan Ake
93%
11 Belgium Stade Rennais Jeremy Doku
92%
24 Croatia RB Leipzig Josko Gvardiol
91%
16 Spain Atletico Madrid Rodri
91%
20 Portugal AS Monaco Bernardo Silva
90%
19 Argentina River Plate Julian Alvarez
90%
8 Croatia Chelsea Mateo Kovacic
89%
31 Brazil Benfica Ederson
87%
47 England Youth Phil Foden
87%
18 Germany Arminia Bielefeld Stefan Ortega
79%
27 Portugal Wolves Matheus Nunes
76%
82 England Youth Rico Lewis
76%
4 England Leeds Kalvin Phillips
75%
14 Spain Athletic Bilbao Aymeric Laporte
66%
21 Spain Anderlecht Sergio Gomez
60%
13 USA Colombus Crew Zack Steffen
57%
33 England Derby County Scott Carson
51%
No matching quizzes found
Score Distribution
Percent of People with Each Score
Percentile by Number Answered
Your Score History
You have not taken this quiz since the last reset